Fast typing - "New Year's Day" - Statistics

General Stats
  • This quiz has been taken 9 times
  • The average score is 7 of 13
Answer Stats
Hint Answer % Correct
I can smell the grass again, and the torn leaves being eased down into the mud. I can smell the grass again, and the torn leaves being eased down into the mud.
100%
The rain this morning falls on the last of the snow and will wash it away. The rain this morning falls on the last of the snow and will wash it away.
100%
Here in Virginia I walk across the fields with only a few young cows for company. Here in Virginia I walk across the fields with only a few young cows for company.
83%
The few loves I’ve been allowed to keep are still sleeping on the West Coast. The few loves I’ve been allowed to keep are still sleeping on the West Coast.
83%
Those girls are nearly forty now. Those girls are nearly forty now.
83%
Big-boned and shy, they are like girls I remember from junior high, who never spoke, who kept their heads lowered and their arms crossed against their new breasts. Big-boned and shy, they are like girls I remember from junior high, who never spoke, who kept their heads lowered and their arms crossed against their new breasts.
50%
I don’t care where those girls are now. I don’t care where those girls are now.
50%
Like me, they must sometimes stand at a window late at night, looking out on a silent backyard, at one rusting lawn chair and the sheer walls of other people’s houses. Like me, they must sometimes stand at a window late at night, looking out on a silent backyard, at one rusting lawn chair and the sheer walls of other people’s houses.
50%
They must lie down some afternoons and cry hard for whoever used to make them happiest, and wonder how their lives have carried them this far without ever once explaining anything. They must lie down some afternoons and cry hard for whoever used to make them happiest, and wonder how their lives have carried them this far without ever once explaining anything.
50%
I don’t know why I’m walking out here with my coat darkening and my boots sinking in, coming up with a mild sucking sound I like to hear. I don’t know why I’m walking out here with my coat darkening and my boots sinking in, coming up with a mild sucking sound I like to hear.
33%
Today I want to resolve nothing. Today I want to resolve nothing.
33%
Whatever they’ve made of it they can have. Whatever they’ve made of it they can have.
17%
I only want to walk a little longer in the cold blessing of the rain, and lift my face to it. I only want to walk a little longer in the cold blessing of the rain, and lift my face to it.
0%
No matching quizzes found
Score Distribution
Percent of People with Each Score
Percentile by Number Answered
Your Score History
You have not taken this quiz